000 00220 a2200097 4500
001 32798
100 _aYahya, S M
245 _aIntroductory set topology
260 _aKarachi
_bThe Times Press
_c
090 _c21966
_d21966
942 _aNUST-CAE
_cM
_c13298
999 _c267871
_d267871